| 000 | 00340nam a2200121Ia 4500 | ||
|---|---|---|---|
| 008 | 210430s9999 xx 000 0 und d | ||
| 082 | _a342.0095491 J253 P | ||
| 100 |
_aM P Jain _952762 |
||
| 245 |
_aPrinciples of Administrative Law _cM P Jain |
||
| 260 |
_aIslamabad _bNational Book Foundation _c1986 |
||
| 300 | _a1072p | ||
| 942 |
_cBK _2ddc |
||
| 999 |
_c562194 _d562194 |
||